Statistiques concernant Capitales d’Amérique du Sud

Cliquez ici pour prendre le quiz!

Statistiques générales

  • Ce quiz a été pris 20 829 fois
  • Le résultat moyen est 9 sur 12

Statistiques - réponses

PaysRéponse% Correct
BresilBrasilia
97%
argentineBuenos Aires
95%
PerouLima
86%
ColombieBogota
83%
UrugayMontevideo
78%
ChiliSantiago
78%
BolivieSucre
74%
EquateurQuito
67%
VenezuelaCaracas
66%
ParaguayAsuncion
56%
GuyanaGeorgetown
49%
SurinameParamaribo
37%

Distribution des résultats

Percentile par nombre de réponses

% des personnes avec chaque résultat

Votre développement - résultats

Vous n’avez pas pris ce quiz